[Event "It (open)"]
[Site "masterchessopen.com - L'Hospitalet de Llobregat (Spain)"]
[Date "2011.04.16"]
[Round "3"]
[White "Rueda Marquez David J (ESP)"]
[Black "Saez Ortega Jose (ESP)"]
[Result "1-0"]
[WhiteElo "2143"]
[BlackElo "1681"]

1.c4 c6 2.Nf3 e6 3.e4 Nf6 4.e5 Ng8 5.Nc3 a6 6.d4 h6 7.c5 b6 8.Ne4 bxc5 9.dxc5
Be7 10.Bd3 Bxc5 11.O-O Be7 12.Be3 d6 13.exd6 Bxd6 14.Qc2 Be7 15.Rfd1 Qc7
16.Bd4 Nf6 17.Be5 Qb6 18.Bd6 Nxe4 19.Bxe4 Bxd6 20.Rxd6 Bb7 21.Rad1 O-O 22.Ne5
Qb5 23.Bh7+ Kh8 24.Nxf7+ {#r} 1-0

[Event "Ch Serbia (juniors) (under 16)"]
[Site "masterchessopen.com - Kragujevac (Serbia)"]
[Date "2011.04.28"]
[Round "7"]
[White "Zajic Milun (SRB)"]
[Black "Ratkovic Miloje (SRB)"]
[Result "0-1"]
[WhiteElo "1809"]
[BlackElo "2135"]

1.c4 c6 2.g3 d5 3.Bg2 Nf6 4.e3 dxc4 5.Na3 Be6 6.Qe2 Qd3 7.Qxd3 cxd3 8.Bf1 Bf5
9.f3 e5 10.h4 e4 11.g4 Be6 12.g5 Nh5 13.fxe4 Ng3 14.Rh2 Nxf1 15.Kxf1 Bd6
16.Rh1 O-O 17.b3 f5 18.gxf6 Rxf6+ 19.Kg2 Rg6+ 20.Kf2 Nd7 21.Nh3 Bxh3 22.Rxh3
Rf8+ 23.Rf3 Bg3+ 24.Kg2 Bxh4+ {#R} 0-1

[Event "It \"]
[Site "masterchessopen.com - Wiesbaden (Germany)"]
[Date "2011.08.27"]
[Round "4"]
[White "Tuchtfeld Juergen (GER)"]
[Black "Preiss Vincent"]
[Result "0-1"]
[WhiteElo "2038"]
[BlackElo "1869"]

1.c4 c6 2.g3 d5 3.Bg2 Bf5 4.cxd5 cxd5 5.Qb3 e6 6.Qxb7 Nd7 7.Nf3 Bc5 8.d4 Rb8
9.Qa6 Rb6 10.Qa4 Rb4 11.Qd1 Bd6 12.O-O Qc7 13.b3 Rb6 14.Ba3 Ngf6 15.Ne1 O-O
16.Bxd6 Rxd6 17.Na3 Rc6 18.Nac2 Bxc2 {#R} 0-1

[Event "Tournament (open)"]
[Site "masterchessopen.com - Steyr (Austria)"]
[Date "2011.08.30"]
[Round "2"]
[White "Heimberger Reinhard (AUT)"]
[Black "Leichtfried Hans-Martin (AUT)"]
[Result "1-0"]
[WhiteElo "2313"]
[BlackElo "2060"]

1.c4 c6 2.b3 Nf6 3.Bb2 e6 4.Nf3 d5 5.e3 Nbd7 6.d4 Qa5+ 7.Nbd2 Ne4 8.a3 Nxd2
9.Nxd2 Qd8 10.Bd3 Be7 11.O-O O-O 12.e4 dxe4 13.Nxe4 Nf6 14.Qc2 h6 15.Rad1 Qc7
16.Nxf6+ Bxf6 17.d5 Be7 18.dxc6 Qxc6 19.Bh7+ Kh8 20.Be4 Qc7 21.Qc3 e5 22.Qg3
Bf6 23.Rd5 Re8 24.Rfd1 Rb8 25.Bxe5 {#r} 1-0

[Event "Tournament (open)"]
[Site "masterchessopen.com - Bogota (Colombia)"]
[Round "3"]
[White "Duarte Andres Javier"]
[Black "Ceron Juan Carlos"]
[Result "0-1"]
[WhiteElo "1627"]
[BlackElo "2032"]

1.c4 c6 2.Nf3 d5 3.cxd5 cxd5 4.g3 Nc6 5.Bg2 e5 6.d3 Bb4+ 7.Bd2 Bxd2+ 8.Nfxd2
Nf6 9.O-O Be6 10.Nc3 O-O 11.a3 Qd7 12.e3 Bh3 13.Qb3 Bxg2 14.Kxg2 Rab8 15.f4 d4
16.exd4 Nxd4 17.Qa4 b5 18.Qd1 Ng4 19.Kg1 Ne3 20.Qh5 Nxf1 21.Rxf1 exf4 22.Rxf4
f5 23.Nf3 Nxf3+ 24.Qxf3 Rbd8 25.d4 g5 {#R} 0-1

[Event "Tournament (juniors) (under 12)"]
[Site "masterchessopen.com - Montcada (Spain)"]
[Date "2012.02.25"]
[Round "5"]
[White "Mosquera Cid Sergi"]
[Black "Herrera Galera Gerard"]
[Result "0-1"]
[WhiteElo "1740"]
[BlackElo "1767"]

1.c4 c6 2.d3 d5 3.Bd2 Bf5 4.e3 e6 5.Nc3 Nf6 6.Nf3 Nbd7 7.d4 Be7 8.c5 Qc7 9.Be2
h6 10.Qb3 Ne4 11.h3 Nxd2 12.Nxd2 Nf6 13.f3 Qg3+ 14.Kf1 O-O-O 15.Qa3 Kb8 16.Qb3
Rhg8 17.Ba6 Rd7 18.Ne2 Qc7 19.g4 Bh7 20.h4 Qa5 21.g5 Nh5 22.Bxb7 Rxb7 23.Qc3
Qxc3 24.bxc3 Bd3 25.Rg1 Rb2 {#R} 0-1

[Event "Tournament (open)"]
[Site "masterchessopen.com - Bayamon (Puerto Rico)"]
[Date "2012.05.05"]
[Round "2"]
[White "Colon Melendez Edgar"]
[Black "Gonzalez Olivieri Orlando"]
[Result "1-0"]
[WhiteElo "2182"]
[BlackElo "1998"]

1.c4 c6 2.g3 d5 3.Nf3 Nf6 4.Bg2 g6 5.b3 Bg7 6.Bb2 dxc4 7.bxc4 O-O 8.O-O Qb6
9.Qb3 Nbd7 10.d3 Re8 11.Nbd2 Qxb3 12.axb3 e5 13.Ra2 Bf8 14.Bc3 b6 15.Rfa1 a6
16.d4 exd4 17.Nxd4 Bb7 18.Nxc6 Bc5 19.b4 Bxf2+ 20.Kxf2 Ng4+ 21.Kg1 Rxe2
22.Ne7+ Rxe7 23.Bxb7 Rae8 24.Nf1 Re3 25.Nxe3 {#r} 1-0

[Event "Ch Baden (seniors) (open)"]
[Site "masterchessopen.com - Emmendingen (Germany)"]
[Date "2012.06.09"]
[Round "8"]
[White "Koester Peter (GER)"]
[Black "Born Michael"]
[Result "1-0"]
[WhiteElo "2127"]
[BlackElo "1957"]

1.c4 c6 2.Nf3 d5 3.g3 Nf6 4.Bg2 dxc4 5.Na3 Be6 6.Ng5 Qc8 7.Nxe6 Qxe6 8.Qc2
Nbd7 9.Nxc4 a5 10.d3 b5 11.Ne3 Rc8 12.b3 Nb6 13.Bd2 a4 14.O-O g6 15.Rac1 axb3
16.axb3 Nfd5 17.Nxd5 cxd5 18.Qb2 f6 19.Be3 Rd8 20.Qd4 Rd6 21.Bf4 Bg7 22.Bxd6
Qxd6 23.Qc5 Qd8 24.Qxb5+ {#r} 1-0

[Event "It (open)"]
[Site "masterchessopen.com - Palanga (Lithuania)"]
[Date "2012.06.22"]
[Round "6"]
[White "Valantiejus Vaidotas (LTU)"]
[Black "Bieliauskas Marius (LTU)"]
[Result "0-1"]
[WhiteElo "1928"]
[BlackElo "2140"]

1.c4 c6 2.g3 d5 3.Nf3 Nf6 4.Bg2 Bf5 5.Qb3 Qb6 6.Qxb6 axb6 7.d3 dxc4 8.dxc4
Bxb1 9.Rxb1 Rxa2 10.O-O e6 11.Be3 Nfd7 12.Rfd1 Bb4 13.Ng5 Ke7 14.Ne4 Na6
15.Bf4 Rd8 16.Bd2 Bxd2 17.Rxd2 Nb4 18.Rbd1 Raa8 19.f4 Nc5 20.Rxd8 Rxd8 21.Rxd8
Kxd8 22.Nd6 f6 23.e4 Kd7 24.e5 fxe5 25.fxe5 Nbd3 {#R} 0-1

[Event "It \"]
[Site "masterchessopen.com - Kecskemet (Hungary)"]
[Date "2012.06.24"]
[Round "11"]
[White "Walseth Tron (NOR)"]
[Black "Kojima Shinya (JPN)"]
[Result "0-1"]
[WhiteElo "2006"]
[BlackElo "2264"]

1.c4 c6 2.g3 d5 3.Nf3 Nf6 4.Bg2 dxc4 5.a4 a5 6.O-O Nbd7 7.b3 cxb3 8.Qxb3 Qb6
9.Qc2 g6 10.d3 Bg7 11.Nc3 O-O 12.Rb1 Qd8 13.Nd2 Nb6 14.Ba3 Nbd5 15.Nxd5 Nxd5
16.Ne4 Rb8 17.Nc5 Re8 18.Bxd5 Qxd5 19.Na6 Bh3 {#R} 0-1

[Event "Ch Belgium (open)"]
[Site "masterchessopen.com - Lommel (Belgium)"]
[Date "2012.07.02"]
[Round "3"]
[White "Barbier Sigiswald (BEL)"]
[Black "Hauglustaine Sander"]
[Result "1-0"]
[WhiteElo "2092"]
[BlackElo "1853"]

1.c4 c6 2.g3 d5 3.Bg2 Bg4 4.cxd5 cxd5 5.Qb3 Nf6 6.Qxb7 Nbd7 7.Nc3 Rb8 8.Qc6
Rb6 9.Qa4 e6 10.Nf3 Bc5 11.a3 O-O 12.d4 Qe7 13.O-O e5 14.dxc5 Nxc5 15.Qc2 Nb3
16.Rb1 Rc8 17.Nd2 Nxc1 18.Rfxc1 d4 19.Nd5 Qe8 20.Qxc8 {#r} 1-0

[Event "Ch Philippines (w)"]
[Site "masterchessopen.com - Boracay Island (Philippines)"]
[Date "2012.07.17"]
[Round "4"]
[White "Frayna Janelle Mae (PHI)"]
[Black "Jose Rulp Ylem (PHI)"]
[Result "1-0"]
[WhiteElo "1991"]
[BlackElo "2061"]

1.c4 c6 2.g3 d5 3.Nf3 Nf6 4.Bg2 Bf5 5.cxd5 cxd5 6.Qb3 Qd7 7.Ne5 Qc7 8.Nc3 Nc6
9.d4 e6 10.Bf4 Nh5 11.Be3 Be7 12.g4 Nxe5 13.dxe5 d4 14.Qa4+ Kf8 15.Qxd4 Rd8
16.Qa4 b5 17.Nxb5 Qxe5 18.gxf5 exf5 19.Bf3 Qxb2 20.O-O a6 21.Qxa6 Qf6 22.Rfd1
{#r} 1-0

[Event "Ch Paraibo"]
[Site "masterchessopen.com - Joao Pessoa (Brazil)"]
[Date "2012.08.04"]
[Round "4"]
[White "De Lira Machado Alexandre Henr"]
[Black "Macedo Alexandre (BRA)"]
[Result "1-0"]
[WhiteElo "2080"]
[BlackElo "1868"]

1.c4 c6 2.g3 Nf6 3.Bg2 d5 4.Qc2 g6 5.b3 Bg7 6.Bb2 O-O 7.Nf3 Bf5 8.d3 Na6 9.a3
Rc8 10.Nbd2 Qd7 11.Ne5 Qc7 12.f4 Rcd8 13.b4 Nb8 14.cxd5 Ng4 15.Nxg4 Bxb2
16.Nh6+ Kg7 17.Nxf5+ gxf5 18.Qxb2+ f6 19.Rc1 Qd7 20.Rc5 Rc8 21.O-O cxd5
22.Rxd5 Qe6 23.e4 Rfd8 24.Rxd8 Rxd8 25.d4 {#r} 1-0

[Event "Tournament (open)"]
[Site "masterchessopen.com - Bairro Ponte Grande (Brazil)"]
[Date "2012.09.01"]
[Round "3"]
[White "Takeda Lucas Koji"]
[Black "Queiroz Stella Becker"]
[Result "1-0"]
[WhiteElo "1966"]
[BlackElo "1570"]

1.c4 c6 2.g3 d5 3.Nf3 Nf6 4.Bg2 Bf5 5.cxd5 cxd5 6.Qb3 Qc7 7.Nc3 e6 8.d3 Nbd7
9.d4 Rc8 10.Bf4 Qb6 11.O-O Qxb3 12.axb3 a6 13.Rfc1 Be7 14.Nh4 Bg6 15.Nxg6 hxg6
16.e4 Nb6 17.exd5 exd5 18.Re1 Kd8 19.Rac1 Re8 20.Na4 Nxa4 21.Rxc8+ Kxc8
22.bxa4 Bd6 23.Rc1+ {#r} 1-0